| 000 | 00625nam a22002177a 4500 | ||
|---|---|---|---|
| 003 | OSt | ||
| 005 | 20220107122817.0 | ||
| 008 | 160712b xxu||||| |||| 00| 0 eng d | ||
| 020 | _a9780849318153 | ||
| 040 | _cIIITMK | ||
| 082 | _a006.312 THU/D | ||
| 100 |
_aThuraisingham, Bhavani _99972 |
||
| 245 |
_aData mining: _bTechnologies, techniques, tools, and trends _cBhavani Thuraisingham |
||
| 260 |
_aBoca Raton, _bCRC Press, _c1999. |
||
| 300 | _a270p. | ||
| 650 |
_aCOMPUTER SCIENCE _99973 |
||
| 650 |
_aCOMPUTER METHODS _99974 |
||
| 650 |
_aDATABASE MANAGEMENT _99975 |
||
| 650 |
_aDATA MINING _99976 |
||
| 942 |
_2ddc _cBK |
||
| 999 |
_c5273 _d5273 |
||